Himachal Pradesh state map.

Saved in:
நூற்பட்டியல் விவரங்கள்
குழும எழுத்தாளர்கள்: Eicher Goodearth Limited., Survey of India.
வடிவம்: வரைபடம்
மொழி:English
வெளியீடப்பட்டது: New Delhi : Eicher Goodearth Limited, c2007.
பகுதிகள்:
குறியீடுகள்: குறிச்சொல் இணை
குறியீடுகள் இல்லை, இந்த குறிச்சொல்லை முதலில் பதிவு செய்யுங்கள்!
LEADER 01666cem a2200433 a 4500
001 012058905-2
005 20090819150812.0
008 080320s2007 ii cg a 1 eng
010 |a  2008336938 
020 |a 8187780517 
020 |a 9788187780519 
025 |a I-Map-2008-336938; 01 
034 1 |a a  |b 540000 
035 0 |a ocn221493453 
037 |a Library of Congress -- New Delhi Overseas Office  |c Rs75.00 
040 |a DLC  |c DLC  |d NRC 
042 |a lcode 
043 |a a-ii--- 
050 0 0 |a G7653.H5 2007  |b .E3 2007 
052 |a 7653  |b H5 
110 2 |a Eicher Goodearth Limited. 
245 1 0 |a Himachal Pradesh state map. 
246 1 4 |a Himachal Pradesh state map :  |b a land of irrestible scapes 
255 |a Scale [ca. 1:540,000]. 
260 |a New Delhi :  |b Eicher Goodearth Limited,  |c c2007. 
300 |a 1 map :  |b col. ;  |c 65 x 61 cm., folded to 19 x 13 cm., in phase box 22 x 15 cm. +  |e 1 booklet (11 p. : col. ill. ; 21 cm.) 
500 |a Relief shown by gradient tints and spot heights. 
500 |a Title from panel. 
500 |a Shows roads and points of interest. 
500 |a "Published by Eicher Goodearth Limited in strategic alliance with Survey of India." 
500 |a Map is in back of accompaning booklet, all in phase box. 
500 |a Includes two distance charts, location map, trekking routes, "Route map, Delhi-Chandigarh-Keylong," and col. ill. 
500 |a Index and advertisements on verso. 
651 0 |a Himachal Pradesh (India)  |v Maps. 
650 0 |a Roads  |z India  |z Himachal Pradesh  |v Maps. 
651 0 |a Himachal Pradesh (India)  |v Maps, Tourist. 
710 2 |a Survey of India. 
988 |a 20090818 
906 |0 DLC